| 000 | 01340cam a2200229 4500 | ||
|---|---|---|---|
| 001 | WB3910-09 | ||
| 008 | 030311n2003 000 0 eng u | ||
| 035 | _a(Sirsi) u121604 | ||
| 245 | _aFee calculation post Ryde's scale | ||
| 260 | _c2003 | ||
| 490 |
_aRICS Feature _v 6 March 2003, (4) |
||
| 520 | _a A guidance note has been produced to advise RICS members on how to calculate surveyors' fees to be reimbursed as part of a compulsory purchase claim after the abolition of Ryde's scale with effect from 18 July 2002. Fees in future will normally be assessed on a reasonable basis agreed between the parties. Separate guidance is provided for claims settled or made before 18 July 2002 and claims settled or made after 18 July 2002. Covers also other bases for calculating fees, time recording and disputes. The RICS Compulsory Purchase Panel will review the guidance note no later than one year after its coming into force. http://www.rics.org/ricscms/bin/show?class=Feature&template=/includes/showfeature.html&id=493 | ||
| 590 | _aWB | ||
| 650 | _aRYDE'S SCALE | ||
| 650 | _aFEE CALCULATION | ||
| 650 | _aPLANNING | ||
| 650 | _aSURVEYORS' FEES | ||
| 650 | _aTIME RECORDING | ||
| 650 | _aDISPUTES | ||
| 690 | _aENVIRONMENTAL AND LAND CONSULTANCY-PLANNING AND DEVELOPMENT-COMPULSORY PURCHASE AND COMPENSATION | ||
| 942 | _n0 | ||
| 999 |
_c72288 _d72288 |
||